LIBRARY & INFORMATION CENTRE, KCAET, TAVANUR

ONLINE PUBLIC ACCESS CATALOGUE (OPAC)

The Sherlock Holmes Companion (Record no. 16186)

MARC details
000 -LEADER
fixed length control field 00228nam a22000977a 4500
003 - CONTROL NUMBER IDENTIFIER
control field OSt
008 - FIXED-LENGTH DATA ELEMENTS--GENERAL INFORMATION
fixed length control field 200617b ||||| |||| 00| 0 eng d
100 ## - MAIN ENTRY--AUTHOR NAME
Personal name Michael Hardwick
245 ## - TITLE STATEMENT
Title The Sherlock Holmes Companion
942 ## - ADDED ENTRY ELEMENTS (KOHA)
Koha item type Books
Holdings
Withdrawn status Lost status Damaged status Home library Current library Date acquired Cost, normal purchase price Accession Number Koha item type
Withdrawn   Damaged KAUAET KAUAET 17/06/2020 21.00 7086 Books
free website counter